| 000 | 00421nam a22001817a 4500 | ||
|---|---|---|---|
| 003 | CEME | ||
| 005 | 20210628203740.0 | ||
| 008 | 210416b xxu||||| |||| 00| 0 eng d | ||
| 020 | _a0-7506-1806-X | ||
| 040 | _c. | ||
| 082 | _a629.24 ROB'M | ||
| 100 |
_aRobinson, John _967123 |
||
| 245 | _aMotorcycle tuning , two stroke | ||
| 250 | _a2ND | ||
| 260 |
_aOXFORD _bNEWNESS _c1994 |
||
| 300 | _a169P | ||
| 942 |
_cBK _2ddc |
||
| 999 |
_c574971 _d574971 |
||